| 000 | 01076nam a22003375a 4500 | ||
|---|---|---|---|
| 001 | 015170024 | ||
| 003 | OSt | ||
| 005 | 20150916150117.0 | ||
| 008 | 081125r20091990stka frb 001 0 eng | ||
| 020 | _a0443069069 | ||
| 020 | _a9780443069093 | ||
| 035 | _a(DNLM)101490064 | ||
| 040 |
_aEG-ScBUE _beng _cEG-ScBUE |
||
| 082 | 0 | 4 |
_a615.4 _bPHA _222 |
| 245 | 0 | 0 |
_aPharmaceutical practice / _cedited by A. J. Winfield, J. A. Rees, I. Smith. |
| 250 | _a4th ed. | ||
| 260 |
_aEdinburgh : _bElsevier/Churchill Livingstone, _c2009. |
||
| 300 |
_axix, 643 p. : _bill. ; _c25 cm. |
||
| 500 |
_aIncludes appendixes. _5Index : p. 613-643. |
||
| 504 | _aIncludes bibliographical references. | ||
| 650 | 0 |
_aPharmacy. _930045 _2BUEsh |
|
| 650 | 0 |
_aDrug Compounding. _930046 _2BUEsh |
|
| 650 |
_aDosage Forms. _930047 _2BUEsh |
||
| 650 |
_aPharmacy. _930048 _2BUEsh |
||
| 651 | _2BUEsh | ||
| 653 |
_cJune2012 _cDecember2013 |
||
| 700 | 1 |
_aRees, Judith A. _930050 _eeditor. |
|
| 700 | 1 |
_aSmith, Ian, _d1959 Nov. 24- _930051 _eeditor. |
|
| 541 | _aDonation From Baccah | ||
| 942 |
_2ddc _cBB |
||
| 999 |
_c16754 _d16754 |
||